| 000 | 00593nam a22001697a 4500 | ||
|---|---|---|---|
| 005 | 20260302122348.0 | ||
| 010 | _aBACEN26 | ||
| 020 |
_a9789359773834 _c325.00 |
||
| 037 | _bThe Readers Paradise | ||
| 082 | _a158.1 | ||
| 100 |
_aBiswal, Dev _988003 |
||
| 245 |
_aFuse: Turn Conflict into connection and Creative Tension/ _cby Dev Biswal |
||
| 260 |
_aNew Delhi _bThe Readers Paradise _c2025 |
||
| 270 |
_a103, 4787/23, Ansari Road, Darya Ganj _bNew Delhi _e110002 _k0954444181 _mthereadersparadisesales@gmail.com |
||
| 300 |
_a97p. _c22cm(pb) |
||
| 942 |
_2ddc _cEN _h158.1 _mBIS |
||
| 999 |
_c215079 _d215079 |
||